000 00520nam a2200217Ia 4500
003 0100
008 130303s9999 xx 000 0 und d
040 _cARRUPELIB
050 _aB3279.H48S43 1962
100 _aHeidegger, Martin
245 _aBeing and time
260 _aNew York
260 _bHarper & Row Publishers
260 _C1962
300 _a589p.
300 _b 21cm.
650 _aPHILOSOPHY
650 _bAugustine, St
700 _aMacquarrie, John and Robinson, Edward (tr.)
942 0 0 _039
999 _c43745
_d43745